000 00985nam a2200265Ia 4500
003 OSt
005 20221005111354.0
006 a|||||r|||| 00| 0
007 ta
008 221004b |||||||| |||| 00| 0 hin d
020 _a8170555426 (hbk)
_c500
024 _a97466
037 _b573, 23/03/2009, Vani Prakashan
_cTextual
040 _aCRL
_cCRL
_bhin
041 _2hin
_ahin
082 _aNR2, 152P8
100 _aरायचौधुरी, विमलाकान्त
245 0 _aराग व्याकरण
246 _aRāg vyākaraṇa
260 _aनई दिल्ली
_bवाणी प्रकाशन भारत
_c2008
300 _a635पृ0
_ccm.
700 _a व्यास, मदनलाल, अनु.
942 _hNR2, 152P8
_cTEXL
_2cc
999 _c1021637
_d1021637